| 000 | 00588cam a2200205 a 4500 | ||
|---|---|---|---|
| 020 | _a0471628840 | ||
| 040 | _cDLC | ||
| 082 | _a574 WIL 1992 A034 Or. | ||
| 245 | 0 | 0 |
_aBiodiversity of the southeastern United States : _baquatic communities / |
| 260 |
_aNew York : _bWiley, _cc1992 |
||
| 300 |
_axiii, 779 p. : _bill., maps ; _c25 cm |
||
| 650 | 0 | _aAquatic ecology | |
| 650 | 0 | _aBiotic communities | |
| 650 | 0 | _aBiodiversity | |
| 700 | 1 | _aHackney, Courtney Thomas | |
| 700 | 1 | _aAdams, S. Marshall | |
| 700 | 1 | _aMartin, William A | |
| 700 | 1 | _aMartin, William Haywood, | |
| 942 | _cEK | ||
| 999 |
_c12560 _d12560 |
||